La filosofía de Gabriel Marcel : de la dialéctica a la devoción /

Estudio sobre el pensamiento del filósofo francés Gabriel Marcel (1889-1973), quien elabora un concepto más amplio de experiencia que el provisto por las ciencias positivas, cuyos esquemas de experiencia suponen una relación de dominio sobre la realidad. Para Marcel existe una experiencia de sentido...

ver descrição completa

Na minha lista:
Detalhes bibliográficos
Autor principal: Blázquez Carmona, Feliciano (autor)
Outros Autores: Aranguren, José Luis (prólogo) (prólogo)
Formato: Livro
Idioma:espanhol
Publicado em: Madrid, España : Encuentro, 1988, c1988
Colecção:(Ensayos ; 44)
Assuntos:
Tags: Adicionar Tag
Sem tags, seja o primeiro a adicionar uma tag!

MARC

LEADER 00000nam^a2200000^a^4500
001 000136707
005 20250521000000.0
009 20260310095329.616
020 |a 84-7490-192-8 
037 |a Acervo ITESO - Biblioteca 
041 |a ESP 
082 |a 142. 7  |b BLA 
100 |a Blázquez Carmona, Feliciano  |e (autor) 
245 1 3 |a La filosofía de Gabriel Marcel :  |b de la dialéctica a la devoción /  |c F. Blázquez Carmona ; pról. de J.L. Aranguren. 
264 4 |a Madrid, España :  |b Encuentro,  |c 1988, c1988 
300 |a 352 p. 
336 |a texto  |b txt  |2 rdacontenido 
337 |a sin mediación  |b n  |2 rdamedio 
338 |a volumen  |b nc  |2 rdasoporte 
440 1 |a (Ensayos ;  |v 44) 
520 |a Estudio sobre el pensamiento del filósofo francés Gabriel Marcel (1889-1973), quien elabora un concepto más amplio de experiencia que el provisto por las ciencias positivas, cuyos esquemas de experiencia suponen una relación de dominio sobre la realidad. Para Marcel existe una experiencia de sentido, que se sirve de un lenguaje no objetivista, sino abierto al contacto personal y a realidades más profundas y significativas. Frente al dogma científico de la demostrabilidad, el pensador francés apela a diferentes niveles de experiencia humana, ninguno de los cuales ha de convertirse en dictatorial. 
649 |a XX 
650 |a Filósofos Franceses 
650 |a Experiencia 
650 |a Antropología Filosófica 
650 |a Idealismo 
650 |a Positivismo 
650 |a Fenomenología 
650 |a Existencialismo Cristiano 
650 |a Filosofía del Siglo XX 
650 |a Filosofía y Religión 
650 |a Marcel, Gabriel 
700 |a Aranguren, José Luis  |e (prólogo) 
910 |a Fondo General 
920 |a Impresos - Libros 
930 |a Colección General 
905 |a 101 
901 |a 0500065462  |b IT1  |c ACC  |u 20250521 
902 |a https://opac.biblio.iteso.mx/vufind/Record/000136707